| 000 | 00992nas a2200301 4500 | ||
|---|---|---|---|
| 001 | BR9604040 | ||
| 003 | BR-BrBNA | ||
| 005 | 20231205095330.0 | ||
| 007 | ta | ||
| 008 | 230509b bl.|||p| |||| 00| 00por d | ||
| 040 |
_aBR-BrBNA _bpor _cBiblioteca Nacional de Agricultura |
||
| 041 | _a(Pt) | ||
| 072 | _aL51; Q54 | ||
| 100 | 1 | _aPaiva, J.A. de J. | |
| 100 | 1 | _aGarcia, R. | |
| 100 | 1 | _aQueiroz, A.C. de | |
| 100 | 1 | _aRegazzi, A.J. | |
| 245 | 1 | _aEfeitos dos niveis de amonia anidra e periodos de amonizacao sobre a degradabilidade da materia seca e de constituintes da parede celular da palhada de milho (Zea mays L.) | |
| 650 | _aMilho | ||
| 650 | _aPalhada | ||
| 650 | _aAmonia | ||
| 650 | _aAeracao | ||
| 650 | _aFisiologia Nutricional | ||
| 650 | _aAnalise Quimica | ||
| 773 | 0 |
_tRevista da Sociedade Brasileira de Zootecnia (Brazil) _xISSN 0100-4859 _g(Sep-Oct 1995), v. 24(5) p. 693-705 _wBR9604040 |
|
| 909 |
_a202311 _bLúcia _c55 _dLúcia Elande |
||
| 942 |
_2AGRIS _n0 _cANA |
||
| 999 |
_c150095 _d150095 |
||